Dorpen en Steden van Zeeland - Statistieken

Algemene statistieken
  • Deze quiz is 132 keer genomen
  • De gemiddelde score is 45 van 127
Antwoordstatistieken
Gemeente Kern % Correct
Middelburg Middelburg
94%
Vlissingen Vlissingen
91%
Terneuzen Terneuzen
89%
Kapelle Kapelle
86%
Goes Goes
83%
Tholen Tholen
74%
Borsele Borssele
69%
Hulst Hulst
69%
Sluis Sluis
63%
Veere Veere
63%
Reimerswaal Yerseke
60%
Schouwen-Duiveland Zierikzee
60%
Veere Zoutelande
60%
Noord-Beveland Kamperland
57%
Reimerswaal Kruiningen
57%
Schouwen-Duiveland | Veere Serooskerke
57%
Veere Domburg
54%
Reimerswaal Krabbendijke
54%
Veere Westkapelle
54%
Veere Oostkapelle
51%
Vlissingen Oost-Souburg
51%
Reimerswaal Rilland
51%
Middelburg Arnemuiden
49%
Terneuzen Axel
49%
Sluis Breskens
49%
Schouwen-Duiveland Renesse
49%
Schouwen-Duiveland Bruinisse
46%
Noord-Beveland Colijnsplaat
46%
Kapelle Wemeldinge
46%
Sluis Cadzand
43%
Goes | Kapelle Kloetinge *
43%
Borsele 's-Gravenpolder
43%
Tholen Sint-Annaland
43%
Borsele Heinkenszand
40%
Terneuzen Hoek
40%
Veere Koudekerke
40%
Tholen Sint-Maartensdijk
40%
Sluis | Terneuzen Biervliet
37%
Schouwen-Duiveland Burgh-Haamstede
37%
Terneuzen Sas van Gent
37%
Goes 's-Heer Arendskerke
37%
Reimerswaal Waarde
37%
Sluis Aardenburg
34%
Schouwen-Duiveland Brouwershaven
34%
Noord-Beveland Kats
34%
Schouwen-Duiveland Nieuwerkerk
34%
Borsele Nisse
34%
Sluis Oostburg
34%
Veere Vrouwenpolder
34%
Goes Wilhelminadorp
34%
Goes Wolphaartsdijk
34%
Veere Aagtekerke
31%
Veere Biggekerke
31%
Hulst Clinge
31%
Reimerswaal Hansweert
31%
Sluis Ijzendijke
31%
Goes Kattendijke
31%
Borsele Lewedorp
31%
Veere Meliskerke
31%
Borsele Nieuwdorp
31%
Terneuzen Sluiskil
31%
Tholen Stavenisse
31%
Noord-Beveland Wissenkerke
31%
Terneuzen Zaamslag
31%
Veere Gapinge
29%
Veere Grijpskerke
29%
Borsele Hoedekenskerke
29%
Schouwen-Duiveland Ouwerkerk
29%
Terneuzen Philippine
29%
Tholen Poortvliet
29%
Tholen Scherpenisse
29%
Borsele 's-Heer Abtskerke
29%
Borsele 's-Heerenhoek
29%
Tholen Sint Philipsland
29%
Borsele Kwadendamme
26%
Hulst Nieuw Namen
26%
Reimerswaal Oostdijk
26%
Sluis Retranchement
26%
Schouwen-Duiveland Scharendijke
26%
Goes 's-Heer Hendrikskinderen
26%
Schouwen-Duiveland Sirjansland
26%
Hulst Vogelwaarde
26%
Schouwen-Duiveland Zonnemaire
26%
Terneuzen Zuiddorpe
26%
Schouwen-Duiveland Dreischor
23%
Borsele Driewegen
23%
Sluis Hoofdplaat
23%
Schouwen-Duiveland Kerkwerve
23%
Hulst Kloosterzande
23%
Terneuzen Koewacht
23%
Middelburg Nieuw- en Sint Joosland
23%
Hulst Ossenisse
23%
Borsele Ovezande
23%
Vlissingen Ritthem
23%
Sluis Schoondijke
23%
Kapelle Schore
23%
Hulst Sint Jansteen
23%
Hulst Walsoorden
23%
Terneuzen Westdorpe
23%
Borsele Baarland
20%
Schouwen-Duiveland Ellemeet
20%
Sluis Groede
20%
Noord-Beveland Kortgene
20%
Hulst Lamswaarde
20%
Sluis Nieuwvliet
20%
Schouwen-Duiveland Oosterland
20%
Borsele Oudelande
20%
Tholen Oud-Vossemeer
20%
Sluis Sint Kruis
20%
Sluis Waterlandkerkje
20%
Borsele Ellewoutsdijk
17%
Hulst Graauw
17%
Hulst Heikant
17%
Schouwen-Duiveland Noordgouwe
17%
Schouwen-Duiveland Noordwelle
17%
Terneuzen Spui
17%
Hulst Terhole
17%
Sluis Zuidzande
17%
Sluis Eede
14%
Hulst Hengstdijk
14%
Hulst Kuitaart
14%
Noord-Beveland Geersdijk
9%
Hulst Kapelleburg
6%
Terneuzen Overslag
6%
Geen overeenkomende quizzen gevonden
Scoreverdeling
Procent van Mensen met Elke Score
Percentiel versus Aantal Correcte Antwoorden
Uw Scoregeschiedenis
U heeft deze quiz nog niet genomen